000 00402nam a2200157Ia 4500
008 231217s9999 xx 000 0 und d
041 _aEnglish
082 _a658.4012 MIL `R'
100 _aMiller, Alex Dess,Gregory G
245 0 _aStrategic management
250 _a2nd ed.
260 _c1996
_bNew York : McGraw-Hill,
300 _axxvi+C604
650 _aStrategic management
942 _cAA
999 _c167023
_d167023